[Event "8th Essent op"]
[Site "Hoogeveen NED"]
[Date "2004.10.23"]
[Round "9.11"]
[White "Porat, Shay"]
[Black "Okkes, Menno"]
[Result "1-0"]
[WhiteElo "2421"]
[BlackElo "2353"]
[EventDate "2004.10.15"]
[PlyCount "95"]

1.d4 d5 2.c4 c6 3.Nf3 Nf6 4.e3 Bg4 5.cxd5 cxd5 6.Nc3 Bxf3 7.Qxf3 Nc6 8.Bd2
e6 9.Bd3 Be7 10.O-O O-O 11.Rac1 Rc8 12.Qh3 g6 13.f4 Na5 14.Rc2 Nc4 15.Be1 
Nd6 16.g4 Nfe4 17.f5 Nxc3 18.Bxc3 Bg5 19.Rcf2 exf5 20.gxf5 Re8 21.Rf3 Rc7 
22.Ba5 b6 23.Bb4 Rce7 24.Qg3 Bxe3+ 25.Kh1 Ne4 26.Bxe4 Rxe4 27.fxg6 hxg6 
28.Rxf7 Qg5 29.Qc7 Qh6 30.Rf8+ Rxf8 31.Rxf8+ Qxf8 32.Bxf8 Kxf8 33.Qd8+ Kg7
34.Qxd5 Re7 35.Qd6 Bg5 36.d5 Re2 37.Qc7+ Kh6 38.d6 Bf4 39.Qe7 Rxh2+ 40.Kg1
Bxd6 41.Qxd6 Rxb2 42.Qf8+ Kh7 43.Qe7+ Kg8 44.Qe6+ Kh7 45.Qf7+ Kh6 46.Qf4+ 
Kh7 47.Qc7+ Kh6 48.Qc1+ 1-0

[Event "8th Essent op"]
[Site "Hoogeveen NED"]
[Date "2004.10.23"]
[Round "9.12"]
[White "Baklan, Vladimir"]
[Black "Erwich, Marc"]
[Result "1/2-1/2"]
[WhiteElo "2591"]
[BlackElo "2336"]
[EventDate "2004.10.15"]
[PlyCount "115"]

1.e4 e5 2.Nf3 Nc6 3.d4 exd4 4.Nxd4 Nf6 5.Nxc6 bxc6 6.e5 Qe7 7.Qe2 Nd5 8.c4
Ba6 9.b3 g6 10.g3 Bg7 11.Bb2 O-O 12.Bg2 Rae8 13.O-O Bxe5 14.Qxe5 Qxe5 15.
Bxe5 Rxe5 16.cxd5 Bxf1 17.Kxf1 cxd5 18.Nc3 c6 19.Na4 Rfe8 20.Bf3 Kf8 21.
Nc5 Ke7 22.Rc1 Kd6 23.b4 Rb8 24.Nd3 Ree8 25.Rc5 a5 26.Rxa5 Ra8 27.Nc5 Rxa5
28.Nb7+ Kc7 29.Nxa5 Rb8 30.a3 c5 31.Bxd5 cxb4 32.axb4 Rxb4 33.Nc4 f6 34.h4
Kd8 35.g4 Ke7 36.Kg2 Kf8 37.Kf3 Rb3+ 38.Ne3 Rb4 39.Be4 Kg7 40.Nd5 Rb3+ 41.
Kf4 Rb2 42.Kg3 Rb3+ 43.f3 Rb2 44.h5 Rd2 45.Nf4 Rd4 46.Kf2 Ra4 47.Ke3 Kh6 
48.Nd5 Ra6 49.Bd3 Re6+ 50.Kd4 gxh5 51.gxh5 Rd6 52.Bb5 Kxh5 53.Kc5 Re6 54.
Bxd7 Re1 55.Nxf6+ Kg5 56.Nxh7+ Kf4 57.Bg4 Rf1 58.Nf6 1/2-1/2

[Event "8th Essent op"]
[Site "Hoogeveen NED"]
[Date "2004.10.23"]
[Round "9.15"]
[White "Siebrecht, Sebastian"]
[Black "Ruijgrok, Dennis"]
[Result "1-0"]
[WhiteElo "2366"]
[BlackElo "2255"]
[EventDate "2004.10.15"]
[PlyCount "81"]

1.c4 e6 2.Nc3 d5 3.d4 Nf6 4.Nf3 Be7 5.Bg5 O-O 6.e3 b6 7.Qc2 Bb7 8.Bxf6 
Bxf6 9.cxd5 exd5 10.O-O-O c5 11.h4 Nc6 12.dxc5 Bxc3 13.Qxc3 Qe7 14.h5 bxc5
15.h6 d4 16.Qa3 Nb4 17.hxg7 Rfd8 18.Bc4 Be4 19.Rh5 Bg6 20.Re5 Qb7 21.Nh4 
dxe3 22.Rxd8+ Rxd8 23.Nxg6 e2 24.Rxe2 hxg6 25.Qe3 Qxg2 26.Re1 Kxg7 27.Qe5+
Kh7 28.Qe7 Qf3 29.Qxd8 Qf4+ 30.Kd1 Kg7 31.Qd2 Qxc4 32.Qc3+ Qxc3 33.bxc3 
Nd3 34.Re7 Nxf2+ 35.Ke2 Kf6 36.Rxa7 Ne4 37.c4 Ng5 38.a4 Ke5 39.a5 Kd4 40.
a6 Kxc4 41.Rb7 1-0

[Event "8th Essent op"]
[Site "Hoogeveen NED"]
[Date "2004.10.23"]
[Round "9.18"]
[White "Lahaye, Rick"]
[Black "Giddins, Stephen"]
[Result "1/2-1/2"]
[WhiteElo "2330"]
[BlackElo "2248"]
[EventDate "2004.10.15"]
[PlyCount "26"]

1.e4 e5 2.Nf3 Nc6 3.d4 exd4 4.Bc4 Nf6 5.O-O Nxe4 6.Re1 d5 7.Bxd5 Qxd5 8.
Nc3 Qa5 9.Nxe4 Be6 10.Neg5 O-O-O 11.Nxe6 fxe6 12.Rxe6 Bd6 13.Qe2 Rdf8 
1/2-1/2

[Event "8th Essent op"]
[Site "Hoogeveen NED"]
[Date "2004.10.23"]
[Round "9.21"]
[White "Ris, Robert"]
[Black "Vogel, Jaap"]
[Result "1/2-1/2"]
[WhiteElo "2300"]
[BlackElo "2256"]
[EventDate "2004.10.15"]
[PlyCount "38"]

1.e4 e6 2.d4 d5 3.Nd2 Nf6 4.e5 Nfd7 5.Bd3 c5 6.c3 Nc6 7.Ngf3 cxd4 8.cxd4 
Nb6 9.h4 Bd7 10.h5 h6 11.a3 a5 12.b3 Rc8 13.Bb2 a4 14.b4 Nc4 15.Bxc4 dxc4 
16.Rc1 Ne7 17.Nxc4 Nd5 18.O-O Be7 19.Ne3 Bc6 1/2-1/2

[Event "8th Essent op"]
[Site "Hoogeveen NED"]
[Date "2004.10.23"]
[Round "9.22"]
[White "Pruijssers, Roeland"]
[Black "Van Beek, Alexander"]
[Result "1-0"]
[WhiteElo "2295"]
[BlackElo "2255"]
[EventDate "2004.10.15"]
[PlyCount "51"]

1.e4 c5 2.Nf3 e6 3.d4 cxd4 4.Nxd4 a6 5.c4 Nf6 6.Nc3 Qc7 7.a3 b6 8.Bd3 Bb7 
9.Be3 Nc6 10.Nxc6 Bxc6 11.O-O h5 12.h3 Bd6 13.f4 e5 14.f5 Qb7 15.b4 Ke7 
16.b5 axb5 17.cxb5 Bxe4 18.Bxe4 Nxe4 19.Qf3 f6 20.Nxe4 Rxa3 21.Rxa3 Bxa3 
22.Qg3 Rg8 23.Nxf6 Kxf6 24.Qg6+ Ke7 25.Bg5+ Kf8 26.f6 1-0

[Event "8th Essent op"]
[Site "Hoogeveen NED"]
[Date "2004.10.23"]
[Round "9.23"]
[White "Bitalzadeh, Ali"]
[Black "Hamelink, Desiree"]
[Result "1/2-1/2"]
[WhiteElo "2289"]
[BlackElo "2227"]
[EventDate "2004.10.15"]
[PlyCount "101"]

1.e4 c5 2.Nf3 d6 3.d4 cxd4 4.Nxd4 Nf6 5.Nc3 a6 6.Be2 e5 7.Nb3 Be6 8.O-O 
Nbd7 9.f4 Qc7 10.g4 Nc5 11.Nxc5 Qxc5+ 12.Kh1 exf4 13.Bxf4 h5 14.g5 Ng4 15.
Bxg4 hxg4 16.Nd5 Be7 17.Qd2 Rc8 18.c3 Rh5 19.Rad1 Rd8 20.Qd3 Bxg5 21.b4 
Qc6 22.Bg3 Rh6 23.Qd4 Kf8 24.c4 Bxd5 25.exd5 Qd7 26.Rf2 Bf6 27.Qd3 Rh3 28.
Rdf1 Kg8 29.Qf5 Qxf5 30.Rxf5 b6 31.Re1 Kf8 32.Re4 Bh4 33.Kg2 Bxg3 34.hxg3 
g6 35.Rf2 Rh5 36.Rfe2 b5 37.Rd2 Rc8 38.cxb5 axb5 39.Rxg4 Re5 40.a4 bxa4 
41.b5 Rb8 42.Rb4 Rb6 43.Kf3 a3 44.g4 Kg7 45.Kf4 g5+ 46.Kf3 Kg6 47.Rb3 f5 
48.Rxa3 fxg4+ 49.Kxg4 Rxb5 50.Ra6 Rexd5 51.Rxd6+ 1/2-1/2

[Event "8th Essent op"]
[Site "Hoogeveen NED"]
[Date "2004.10.23"]
[Round "9.24"]
[White "O'Cinneide, Mel"]
[Black "Van Weersel, Arlette"]
[Result "1-0"]
[WhiteElo "2268"]
[BlackElo "2184"]
[EventDate "2004.10.15"]
[PlyCount "115"]

1.d4 Nf6 2.Nf3 g6 3.c4 Bg7 4.Nc3 d5 5.cxd5 Nxd5 6.e4 Nxc3 7.bxc3 O-O 8.Be3
Nc6 9.Qd2 Na5 10.Rc1 Bg4 11.Ng5 h6 12.h3 Bc8 13.Nf3 Kh7 14.Bd3 c5 15.h4 c4
16.Bb1 Bg4 17.h5 Bxh5 18.Rxh5 gxh5 19.e5+ Kg8 20.Qc2 f5 21.exf6 Rxf6 22.
Nh4 Kf7 23.Qh7 Qg8 24.Qe4 Qd8 25.Ng6 Qd6 26.Bf4 Qe6 27.Ne5+ Kg8 28.d5 Qc8 
29.Qh7+ Kf8 30.Ng6+ Kf7 31.Bxh6 Qg8 32.Ne5+ Kf8 33.Nd7+ Kf7 34.Bg6+ Rxg6 
35.Ne5+ Kf6 36.Qxg6+ Kxe5 37.Bxg7+ Kxd5 38.Rd1+ Kc5 39.Bd4+ Kb5 40.Rb1+ 
Nb3 41.Qxh5+ Kc6 42.Qf3+ Kd6 43.axb3 Qe6+ 44.Qe3 Qg6 45.Qe5+ Kc6 46.Qc5+ 
Kd7 47.Qd5+ Ke8 48.Rd1 cxb3 49.Qxb7 Qe6+ 50.Kf1 Rc8 51.Qxa7 Qc4+ 52.Kg1 
Rc6 53.Re1 e6 54.Qb8+ Rc8 55.Qb4 Qxb4 56.cxb4 Rc4 57.Rxe6+ Kd7 58.Re3 1-0

[Event "8th Essent op"]
[Site "Hoogeveen NED"]
[Date "2004.10.23"]
[Round "9.26"]
[White "Hendriks, Willy"]
[Black "Hulshof, Peter"]
[Result "1/2-1/2"]
[WhiteElo "2396"]
[BlackElo "2209"]
[EventDate "2004.10.15"]
[PlyCount "129"]

1.e4 g6 2.d4 Bg7 3.Nc3 c6 4.f4 d6 5.Nf3 Bg4 6.Be3 Nd7 7.h3 Bxf3 8.Qxf3 e6 
9.O-O-O Ne7 10.g4 f5 11.gxf5 exf5 12.e5 d5 13.h4 h5 14.Ne2 Nf8 15.Ng1 b5 
16.Qg3 Ne6 17.Nf3 Bh6 18.Ne1 Kf7 19.Nd3 Rg8 20.Be2 a5 21.Rhg1 Qb6 22.Qf2 
Rg7 23.Rg2 Rag8 24.Kd2 Rh7 25.Ke1 Bf8 26.Kf1 Rgg7 27.Ne1 Ng8 28.Nf3 Be7 
29.Ng5+ Bxg5 30.hxg5 Kf8 31.c3 a4 32.Bd3 Ra7 33.Qf3 Ne7 34.Rgd2 Kg7 35.Qf2
Qa6 36.Rc1 Qb7 37.Kg1 Ra8 38.Be2 Rhh8 39.Bf3 Ra6 40.Qe2 Raa8 41.Kf2 Rac8 
42.Kg3 Ra8 43.Rh1 Qd7 44.Qd1 Qb7 45.Rdh2 Qd7 46.Qc2 Rac8 47.Rh4 Rcf8 48.
Qh2 Qe8 49.b3 axb3 50.axb3 Qa8 51.Qb2 Qb7 52.Ra1 Ra8 53.Rhh1 Rxa1 54.Rxa1 
Ra8 55.Ra3 Nc8 56.Be2 Rxa3 57.Qxa3 Qa7 58.Bc1 Qxa3 59.Bxa3 Kf7 60.Kf3 Ke8 
61.Ke3 Kd7 62.Bc1 Ne7 63.Kd3 Nc8 64.Be3 Ne7 65.Bc1 1/2-1/2

[Event "8th Essent op"]
[Site "Hoogeveen NED"]
[Date "2004.10.23"]
[Round "9.27"]
[White "Potze, Rudolf"]
[Black "Brady, Stephen"]
[Result "0-1"]
[WhiteElo "2129"]
[BlackElo "2342"]
[EventDate "2004.10.15"]
[PlyCount "66"]

1.e4 c5 2.c3 e5 3.Bc4 Nc6 4.f4 exf4 5.d3 Qh4+ 6.Kf1 Qf6 7.Qf3 Bd6 8.h4 Ne5
9.Qe2 Nxc4 10.dxc4 Nh6 11.Nf3 Ng4 12.Na3 O-O 13.Ng5 Ne5 14.Qf2 h6 15.Nf3 
b6 16.h5 Bb7 17.Nxe5 Bxe5 18.Rh4 Bxe4 19.Bxf4 Bxf4 20.Rxf4 Qe5 21.Rd1 Qxh5
22.Rxd7 Qh1+ 23.Qg1 Bxg2+ 24.Kf2 Qxg1+ 25.Kxg1 Bh3 26.Rc7 Be6 27.Nb5 Rfd8 
28.Rf2 Bxc4 29.Nxa7 Bxa2 30.Nc6 Rd1+ 31.Kh2 Be6 32.Ne5 Raa1 33.Nxf7 Rh1+ 
0-1

[Event "8th Essent op"]
[Site "Hoogeveen NED"]
[Date "2004.10.23"]
[Round "9.28"]
[White "Hendriks, Richard V"]
[Black "Van Kooten, Luuk"]
[Result "1/2-1/2"]
[WhiteElo "2140"]
[BlackElo "2272"]
[EventDate "2004.10.15"]
[PlyCount "44"]

1.e4 c5 2.Nf3 d6 3.d4 cxd4 4.Nxd4 Nf6 5.Nc3 a6 6.Bc4 e6 7.Bb3 b5 8.Bg5 Be7
9.Qf3 Qc7 10.O-O-O Nc6 11.Nxc6 Qxc6 12.h4 Bb7 13.Rhe1 h6 14.Bxf6 gxf6 15.
Qh5 Qc5 16.e5 Kf8 17.f4 b4 18.Na4 Qf2 19.f5 fxe5 20.fxe6 Bxg2 21.exf7 Qxh4
22.Qe2 Qf4+ 1/2-1/2

[Event "8th Essent op"]
[Site "Hoogeveen NED"]
[Date "2004.10.23"]
[Round "9.29"]
[White "Galje, Hans"]
[Black "Markus, John Raymond"]
[Result "1-0"]
[WhiteElo "2115"]
[BlackElo "2219"]
[EventDate "2004.10.15"]
[PlyCount "89"]

1.d4 d5 2.c4 e6 3.Nc3 Nf6 4.cxd5 exd5 5.Bg5 Be7 6.Qc2 O-O 7.e3 c6 8.Bd3 
Nbd7 9.Nge2 Re8 10.O-O Nf8 11.f3 Be6 12.Rad1 N6d7 13.Bxe7 Qxe7 14.e4 Nb6 
15.e5 c5 16.Nb5 c4 17.Bf5 Nc8 18.f4 Qd7 19.Bxe6 fxe6 20.Nbc3 Ne7 21.g4 g6 
22.Ng3 b5 23.f5 exf5 24.gxf5 Nxf5 25.Nxf5 gxf5 26.Qg2+ Kh8 27.Nxd5 Qc6 28.
Nf6 Qxg2+ 29.Kxg2 Re6 30.Rxf5 Ng6 31.Kh1 Rd8 32.Rh5 Re7 33.Rg1 Nf4 34.Rhg5
Ng6 35.R1g4 b4 36.Rxg6 hxg6 37.Rh4+ Kg7 38.Rh7+ Kf8 39.Rh8+ Kf7 40.Rxd8 
Rc7 41.Rd7+ Rxd7 42.Nxd7 Ke6 43.Nc5+ Kd5 44.Na4 Kc6 45.Kg2 1-0

[Event "8th Essent op"]
[Site "Hoogeveen NED"]
[Date "2004.10.23"]
[Round "9.30"]
[White "Kleijn, Christov"]
[Black "Pel, Bonno"]
[Result "0-1"]
[WhiteElo "2007"]
[BlackElo "2312"]
[EventDate "2004.10.15"]
[PlyCount "142"]

1.e4 g6 2.d4 d6 3.Nc3 Nf6 4.f4 Bg7 5.a3 O-O 6.Nf3 Na6 7.Be3 b6 8.e5 Ng4 9.
Bg1 c5 10.d5 Nc7 11.h3 Nh6 12.Qd2 Bb7 13.Rd1 Qd7 14.a4 a6 15.g4 b5 16.axb5
axb5 17.Bg2 b4 18.Ne2 Bxd5 19.Bh2 Qc6 20.O-O Rad8 21.Qe3 f5 22.g5 Nf7 23.
h4 Be4 24.c3 bxc3 25.bxc3 Nd5 26.Qf2 dxe5 27.fxe5 e6 28.h5 Qc7 29.hxg6 
hxg6 30.Nh4 Bxg2 31.Kxg2 Bxe5 32.Nxg6 Bxh2 33.Rh1 Ne5 34.Nxf8 Rxf8 35.Rxh2
Ng4 36.Rdh1 Nxf2 37.Rh8+ Kg7 38.R8h7+ Kg6 39.R7h6+ Kf7 40.Rh7+ Ke8 41.Rxc7
Nxc7 42.Kxf2 e5 43.Rh6 Ke7 44.Ng3 Nd5 45.Rc6 Nf4 46.g6 Ne6 47.g7 Nxg7 48.
Rxc5 Kf6 49.Kf3 Rd8 50.Rc6+ Ne6 51.Nh5+ Kg5 52.Rxe6 e4+ 53.Ke2 Kxh5 54.c4 
Rd4 55.Ke3 Rd3+ 56.Kf4 Rf3+ 57.Ke5 e3 58.Kd4 f4 59.c5 Rf1 60.Kd3 Rc1 61.
Ke2 Kg4 62.Rg6+ Kf5 63.Rg8 Rc2+ 64.Kd1 Rxc5 65.Ke2 Rc2+ 66.Kd1 Ra2 67.Re8 
Kg4 68.Ke1 Kf3 69.Kd1 e2+ 70.Ke1 Ra1+ 71.Kd2 Rd1+ 0-1

[Event "8th Essent op"]
[Site "Hoogeveen NED"]
[Date "2004.10.23"]
[Round "9.31"]
[White "Cako, Laszlo"]
[Black "Doggers, Peter"]
[Result "1-0"]
[WhiteElo "2137"]
[BlackElo "2292"]
[EventDate "2004.10.15"]
[PlyCount "65"]

1.e4 c5 2.Nf3 e6 3.d4 cxd4 4.Nxd4 a6 5.Nc3 b5 6.Bd3 Qb6 7.Nb3 Qc7 8.O-O 
Bb7 9.f4 d6 10.Qf3 Nf6 11.Bd2 Nbd7 12.Rae1 Be7 13.Kh1 O-O 14.Qh3 e5 15.Nd5
Bxd5 16.exd5 Rfe8 17.Bc3 Bf8 18.Nd2 exf4 19.Ne4 Nxe4 20.Bxe4 g6 21.Rxf4 
Bg7 22.Bxg7 Kxg7 23.Rxf7+ Kxf7 24.Qxh7+ Kf6 25.Qxg6+ Ke7 26.Qg5+ Nf6 27.
Bf5+ Kf7 28.Bg6+ Kg8 29.Bxe8+ Qg7 30.Qxg7+ Kxg7 31.Re7+ Kh6 32.Bc6 Rf8 33.
h3 1-0

[Event "8th Essent op"]
[Site "Hoogeveen NED"]
[Date "2004.10.23"]
[Round "9.32"]
[White "Struk, Jerzy"]
[Black "Van der Veen, Jan"]
[Result "1/2-1/2"]
[WhiteElo "2237"]
[BlackElo "2122"]
[EventDate "2004.10.15"]
[PlyCount "108"]

1.e4 e5 2.Nf3 Nc6 3.Bb5 Nf6 4.O-O Nxe4 5.d4 a6 6.Ba4 b5 7.Bb3 d5 8.dxe5 
Be6 9.Nbd2 Nc5 10.c3 Bg4 11.h3 Bh5 12.Bc2 Be7 13.Qe1 O-O 14.Nb3 Ne6 15.Bf5
Re8 16.Bd2 Bg6 17.Bxg6 fxg6 18.Rd1 Qc8 19.Be3 Rd8 20.Rd2 Nb8 21.Nfd4 Nf8 
22.Ne2 Ne6 23.Ned4 Nf8 24.Qe2 c5 25.Nf3 Ne6 26.Rfd1 Qc6 27.Nh2 a5 28.Nf3 
a4 29.Na1 Na6 30.a3 Nac7 31.Nc2 Rf8 32.Nh2 Rf7 33.g3 g5 34.Rd3 Raf8 35.Rf1
Qb7 36.Bc1 Qc6 37.Be3 Rf5 38.Bc1 Qe8 39.Ne3 Rxe5 40.Nhg4 Re4 41.f3 Ref4 
42.Nxd5 R4f7 43.Nxc7 Nxc7 44.Re3 Nd5 45.Re5 Nf6 46.Re1 Qb8 47.Rxe7 Rxe7 
48.Qxe7 Qxg3+ 49.Kh1 Qxf3+ 50.Kh2 Nxg4+ 51.hxg4 Qf2+ 52.Kh1 Qh4+ 53.Kg1 
Qxg4+ 54.Kh1 Qh3+ 1/2-1/2

[Event "8th Essent op"]
[Site "Hoogeveen NED"]
[Date "2004.10.23"]
[Round "9.33"]
[White "Hensbergen, Willem"]
[Black "Boersma, Jan"]
[Result "1/2-1/2"]
[WhiteElo "2126"]
[BlackElo "2221"]
[EventDate "2004.10.15"]
[PlyCount "54"]

1.d4 Nf6 2.c4 g6 3.Nc3 Bg7 4.e4 O-O 5.f4 d6 6.Nf3 Na6 7.Bd3 e5 8.fxe5 dxe5
9.d5 c6 10.O-O cxd5 11.cxd5 Ne8 12.Qe2 Nac7 13.Bg5 f6 14.Bh4 Nd6 15.Rac1 
Nce8 16.Kh1 Qe7 17.a3 Bd7 18.Rfe1 Bh6 19.Nd2 Bf4 20.Rc2 Qg7 21.Bf2 Qh6 22.
Nf1 b6 23.Kg1 Qg7 24.b4 h5 25.Be3 Bxe3+ 26.Qxe3 h4 27.a4 Rc8 1/2-1/2

[Event "8th Essent op"]
[Site "Hoogeveen NED"]
[Date "2004.10.23"]
[Round "9.34"]
[White "Knol, Geon"]
[Black "Van Eijk, Sander"]
[Result "1/2-1/2"]
[WhiteElo "2110"]
[BlackElo "2203"]
[EventDate "2004.10.15"]
[PlyCount "64"]

1.e4 c5 2.Nc3 Nc6 3.g3 g6 4.Bg2 Bg7 5.f4 d6 6.Nf3 e6 7.d3 Nge7 8.O-O O-O 
9.Be3 b6 10.Qd2 d5 11.exd5 exd5 12.Bf2 d4 13.Ne2 Be6 14.c3 dxc3 15.bxc3 
Qc7 16.Rfd1 Rad8 17.Qc2 Rfe8 18.Rac1 h6 19.h3 c4 20.d4 Bd5 21.Ne5 b5 22.g4
Qb7 23.Bxd5 Nxd5 24.Qd2 Kh7 25.Ng3 b4 26.Ne4 bxc3 27.Nxc3 Ncb4 28.Qb2 Qc7 
29.Nb5 Qb7 30.Nc3 Qc7 31.Nb5 Qb7 32.Nc3 Qc7 1/2-1/2

[Event "8th Essent op"]
[Site "Hoogeveen NED"]
[Date "2004.10.23"]
[Round "9.36"]
[White "Nagel, Yvette"]
[Black "Groenewold, Jan Joris"]
[Result "0-1"]
[WhiteElo "2051"]
[BlackElo "2159"]
[EventDate "2004.10.15"]
[PlyCount "52"]

1.e4 c5 2.Nf3 e6 3.c3 Nf6 4.Bd3 Nc6 5.Bc2 Qa5 6.O-O c4 7.d4 cxd3 8.Qxd3 d5
9.e5 Nd7 10.Bf4 h6 11.h4 g5 12.hxg5 hxg5 13.Nxg5 Ndxe5 14.Qg3 Bd6 15.Nh7 
Qd8 16.Qg7 Kd7 17.Re1 Nf3+ 18.Kf1 Nxe1 19.Bg5 Be7 20.Qxf7 Nxc2 21.Nf6+ Kc7
22.Na3 Nxa1 23.Bf4+ Kb6 24.Be3+ d4 25.cxd4 Nxd4 26.Nc4+ Ka6 0-1

[Event "8th Essent op"]
[Site "Hoogeveen NED"]
[Date "2004.10.23"]
[Round "9.38"]
[White "Wilson, Alexandra"]
[Black "Rooda, Kai P"]
[Result "1-0"]
[WhiteElo "2070"]
[BlackElo "2165"]
[EventDate "2004.10.15"]
[PlyCount "71"]

1.e4 Nc6 2.Nf3 d6 3.d4 Nf6 4.c3 Bg4 5.h3 Bd7 6.d5 Ne5 7.Nbd2 c5 8.Nxe5 
dxe5 9.c4 g6 10.Bd3 Qc7 11.O-O Nh5 12.Nf3 f6 13.Bc2 Bg7 14.Ba4 O-O 15.Bxd7
Qxd7 16.Be3 Rac8 17.Qd2 Qd6 18.b4 b6 19.bxc5 bxc5 20.Qa5 Rc7 21.Rab1 Nf4 
22.Bxf4 exf4 23.e5 fxe5 24.Ng5 Rcc8 25.Ne6 f3 26.g3 e4 27.Rfe1 Be5 28.Rxe4
Bxg3 29.Qd2 Bh2+ 30.Kh1 Rf5 31.Qc3 Be5 32.Qe3 Rb8 33.Rg1 Rb2 34.Rh4 Rf7 
35.Qh6 Bg7 36.Qxh7# 1-0